| 000 | 01267cam a2200253 4500 | ||
|---|---|---|---|
| 001 | ABS64783 | ||
| 008 | 011204n2001 000 0 eng u | ||
| 035 | _a(Sirsi) u115858 | ||
| 100 | _aCarnwath, R. | ||
| 245 | _aRip it up and start again | ||
| 260 | _c2001 | ||
| 490 |
_aEstates Gazette _v(0144) 3 November 2001, 144(1) |
||
| 520 | _aThe Law Commission has published a discussion paper on the "Pointe Gourde" rule which concludes that the law on 'disregarding the scheme' when assessing compensation for land compulsorily acquired is muddled and needs a complete review. This article briefly outlines the "Pointe Gourde" rule; looks at the complex and inconsistent provisions contained in the Land Compensation Act 1961; considers possibilities for reform and highlights the issues involved. A Law Commission consultation paper on a framework for a new code will be published in 2002. | ||
| 590 | _aABS | ||
| 650 | _aLAW COMMISSION | ||
| 650 | _aLAND COMPENSATION ACT 1961 | ||
| 650 | _aCOMPENSATION | ||
| 650 |
_aCompulsory purchase _96228 |
||
| 650 | _aREFORM | ||
| 650 | _aPOINTE GOURDE RULE | ||
| 650 | _aCONSULTATION | ||
| 690 | _aENVIRONMENTAL AND LAND CONSULTANCY-PLANNING AND DEVELOPMENT-COMPULSORY PURCHASE AND COMPENSATION | ||
| 942 | _n0 | ||
| 999 |
_c69023 _d69023 |
||